000 00808cab a2200277 4500
001 ABS57061
008 090401t1997 xxu||||| |||| 00| 0 eng d
035 _a(Sirsi) u79128
041 _aeng
100 _aRobinson, C.
245 _aProcuring profits
260 _c1997
350 _a0
490 _aBuilding
_v262(7994) 13 June 1997, 38(1)
520 _aDiscusses how supply chain management could make a valuable contribution to construction companies` profits.
650 _aCHARTERED INSTITUTE OF PURCHASING AND SUPPLY
650 _aCONSTRUCTION COMPANIES
650 _aCONSTRUCTION INDUSTRY BOARD
650 _aPROFITABILITY
650 _aPURCHASING
650 _aSUPPLY CHAIN MANAGEMENT
650 _aTURNOVER
690 _aBUILT ENVIRONMENT
942 _n0
948 _c23/06/1997
999 _c49734
_d49734